000 01094cam a2200229 4500
001 WB3901-29
008 021217n2002 000 0 eng u
035 _a(Sirsi) u120808
245 _aDEFRA consults on agri-environment schemes
260 _c2002
490 _aDEFRA News Release
_v(519/02) 16 December 2002 (3)
520 _aDEFRA launched a second consultation document seeking views on the future framework for agri-environment schemes in England. "The Agri-environment schemes framework document - a consultation on the future of agri-environment schemes" outlines the decisions, proposals and options gathered following the first consultation. For the DEFRA press release http://www.nds.coi.gov.uk/coi/coipress.nsf/567e3dc25f61661580256ae8003b4907/de70ab2b6184028880256c9100417371?OpenDocument
590 _aWB
650 _aDEFRA
650 _aAGRI-ENVIRONMENT SCHEMES
650 _aCONSULTATION
650 _aCOMMON AGRICULTURAL POLICY
650 _aENVIRONMENTALLY SENSITIVE AREAS
650 _aCOUNTRYSIDE STEWARDSHIP SCHEMES
690 _aRural
_96268
942 _n0
999 _c71788
_d71788